000 nam a22 7a 4500
999 _c7818
_d7818
008 171018b xxu||||| |||| 00| 0 eng d
100 _aVerma.HC.
_94292
245 _aConcept of Physics-Part-2
260 _aNew Delhi